01245nam a2200229Ia 4500008004100000020001500041050001900056100003100075240002900106245013000135260003300265300001900298336001000317337001400327338001200341500009800353505043500451650002800886650001400914650002000928700006700948120625s1997 mx 001 0 spa d a968184873x 4aQA551 bG424181 aGechtman, Murraye, autor.10aPrecalculus.lEspañol.10aÁlgebra y trigonometría con geometría analítica c/ Murray Gechtman ; colab. en la tr. Hugo Villagómes Velázquez.3 aMéxico b: Limusac, 1997. a699 páginas. aTexto aSin medio aVolumen aTraduccion de: Precalculus Incluye apéndices (pp. 561-696) Incluye índice (pp. 697-699)1 aEcuaciones y desigualdades Funciones y gráficas Sistemas de ecuaciones lineales Funciones polinominales Funciones racionales Funciones exponenciales y logarítmicas Funciones trigonometrícas Identidades y ecuaciones trigonometrícas Gráficas en coordenadas polares y ecuaciones paramétricas Secciones cónicas Vectores Inducción, series y el teorema del binomio Apéndices Tablas Respuestas de los problemas impares14aGEOMETRÍA ANALÍTICA24aÁLGEBRA20aTRIGONOMETRÍA1 aVillagómez Velázquez, Hugoe, colaboración traducción.